Представление документа в формате RUSMARC

ПолеНазваниеЗначение
  Тип записи a
  Библиографический уровень m
001 Контрольный номер RU/SLIB/B/208774439
005 Дата корректировки 20201206204315.9
010 Индекс ISBN __
a ISBN 5-9533-0265-7
d Цена 120-00
100 Данные общей обработки __
a Данные общей обработки 19040716d2004 |||y0rusy0189 ca
101 Язык документа 0_
a Язык текста rus
102 Страна публикации __
a Страна публикации RU
105 Кодированные данные (монография) __
a Кодированные данные (монография) ac |||||||zy
200 Заглавие и сведения об ответственности 1_
a Заглавие Сто великих футболистов
f Первые сведения об ответственности В. И. Малов
b Общее обозначение материала Текст
210 Выходные данные __
a Место издания М.
c Издательство Вече
d Дата издания 2004
215 Физическое описание __
a Объем 428 с.
c Иллюстрации/тип воспроизводства ил., портр.
225 Серия __
a Серия 100 великих
300 Общие примечания __
a Общие примечания Загл. обл.: 100 великих футболистов
606 Тематические рубрики __
a Основная рубрика Спортивные игры
606 Тематические рубрики __
a Основная рубрика Физическая культура и спорт
610 Ключевые слова __
a Ключевые слова футболисты; вратари; футбол; спортсмены; тренеры
686 Индексы других классификаций __
a Классификационный индекс ст75.578г
700 Автор _1
a Фамилия Малов
b Имя В. И.
g Полное личное имя Владимир Игоревич
4 Код отношения 070
801 Источник записи _0
a Страна RU
b Организация Муниципальное бюджетное учреждение культуры "Централизованная библиотечная система" г. Сургут (Центральная городская библиотека им. А. С. Пушкина)
c Дата составления 20040716
g Правила каталогизации КиК/Гришунина
801 Источник записи _1
a Страна RU
b Организация Муниципальное бюджетное учреждение культуры "Централизованная библиотечная система" г. Сургут (Центральная городская библиотека им. А. С. Пушкина)
c Дата составления 20040716
g Правила каталогизации КиК/Гришунина
852 Данные о местонахождении __
j Шифр хранения ст75.578г
c Каталожный индекс ст75.578
i Авторский знак М 19
p Инвентарный номер 05071163; 05071164
901 Тип документа __
t Тип документа m
903 Характеристики (МАРС) __
a Дата передачи 20050826
990 Данные о заказе (DOS) __
t N записи в КСУ для И/У (DOS) 200507
j Количество экземпляров (DOS) 2